00922nam a22002531 4500001001300000003000400013005001700017008004100034010001700075040001800092043001200110050002200122082001400144111010200158245013100260260004700391300002200438350001500460500006300475650004500538700002200583710004600605999001700651sa 67001695 DLC20260227112325.0790516s1965 ii 100 0 eng  asa 67001695  aDLCcDLCdDLC aa-ii---00aHD8682b.N35 196500a331/.09542 aNational Seminar on Industrial Relations in a Developing Economy,b1st,cNew Delhi, India,d1965.10aContours of labour policy, being a report of the seminar ...bheld at New Delhi in February-March 1965.cEdited by K. N. Vaid. a[New Delhi]bShri Ram Centre Pressc[1965] avi, 74 p.c22 cm. aRs3a$1.25 aOrganized by the Shri Ram Centre for Industrial Relations. 0aIndustrial relationszIndiaxCongresses.1 aVaid, K. N.,eed.2 aShri Ram Centre for Industrial Relations. c72815d72815